20 joueurs du Paris Saint-Germain (PSG) par images - Statistiques

Statistiques générales
  • Ce quiz a été pris 332 fois
  • Le résultat moyen est 17 sur 20
Statistiques - réponses
Par images Réponse % Correct
Kylian Mbappé
100%
Lionel Messi
99%
Neymar
99%
Ousmane Dembélé
99%
Achraf Hakimi
98%
Zlatan Ibrahimović
98%
Ronaldinho
95%
Blaise Matuidi
93%
Vitinha
92%
Keylor Navas
91%
Kingsley Coman
88%
Javier Pastore
84%
Thiago Motta
80%
Nicolas Anelka
74%
Pauleta
74%
Maxwell
72%
George Weah
69%
Bernard Lama
62%
Jay-Jay Okocha
59%
Youri Djorkaeff
56%
Aucun quiz correspondant
Distribution des résultats
% des personnes avec chaque résultat
Percentile par nombre de réponses
Votre historique - résultats
Vous n’avez pas pris ce quiz